00511 2200205 4500001002100000005001500021035002000036245004600056100000900102250000600111300003500117260003400152082001000186084001600196020002200212650002000234990001700254990001700271990001700288INLIS00000000000067920190125031228 a0010-01190001351 aMeraih Untung Memelihara Ikan Koi /cAgus0 aAgus a- avi, 96 hlm. :bilus. ;c21 cm. aBandung :bTitian Ilmu,c2006 a639.2 a639.2 AGU m a978-979-1493-24-6 aPeternakan Ikan a02559/P/2018 a02560/P/2018 a02561/P/2018